| 000 | 00585nam a2200241Ia 4500 | ||
|---|---|---|---|
| 008 | 171025s9999 xx 000 0 und d | ||
| 020 | _a740726412 | ||
| 050 | _a779.25 | ||
| 050 | _bG295 2002 | ||
| 100 | _aGeddes, Anne | ||
| 245 | _aPure / | ||
| 245 | _cby Anne Geddes. | ||
| 260 | _aKansas City, MO : | ||
| 260 | _bAndrews McMeel Pub., | ||
| 260 | _c2002 | ||
| 300 | _aunpaged : | ||
| 300 | _bsome color illustrations ; | ||
| 300 | _c32cm. | ||
| 650 | _aMother and child -- | ||
| 650 | _aPhotography of infants. | ||
| 650 | _xPictorial works. | ||
| 700 | _aTitle. | ||
| 999 |
_c344600 _d344600 |
||